000 02963nam a2200337Ia 4500
008 130821s2005 xxua gs spa
040 _aCo-BoUCM
_bspa
041 0 0 _aspa
092 _aDVD 0549
245 0 3 _aBuenas noches, y buena suerte
_c[DVD]
_c[dirigida por] George Clooney
246 1 3 _aGood night and good luck
260 _aWashington D.C. (Estados Unidos)
_bWarner Independent Pictures ; 2929 Entertainment ; Participant Productions
_c2005
300 _a1 DVD
_bson., color
500 _aSINOPSIS : "Buenas noches, y buena suerte" acontece durante los primeros tiempos del periodismo televisivo en EE.UU, en la década de los 50. Es la crónica del auténtico enfrentamiento entre Edward R. Murrow (David Strathairn), presentador de las noticias, y el senador Joseph McCarthy y el Comité de Actividades Antiamericanas. Con la firme voluntad de informar de los hechos e ilustrar a la audiencia, Murrow y su incondicional equipo capitaneado por su productor Fred Friendly (George Clooney) y Joe Wershba (Robert Downey Jr.) desde la sala de redacción de la CBS hacen frente a las presiones corporativas y de los patrocinadores para examinar las mentiras y las tácticas alarmistas perpetradas por McCarthy durante su "caza de brujas" comunista. Cuando el senador reacciona acusando al presentador de ser comunista, se erige una enorme indignación pública. En aquel clima de miedo y represión, el equipo de la CBS siguió adelante sin atender a ruegos. Su tenacidad finalmente valió la pena cuando el mismísimo McCarthy tuvo que presentarse ante el Senado y fue desposeído de poder una vez que sus mentiras y abusos quedaron por fin al descubierto.
508 _aDirección: George Clooney ; guión: George Clooney y Grant Heslov ; producción, Grant Heslov ; fotografía B/N, Robert Elswit ; montaje, Stephen Mirrione; diseño de producción, Jim Bissell.
511 _aDavid Strathairn (Edward R. Murrow), Robert Downey Jr. (Joe Wershba), Patricia Clarkson (Shirley Wershba), Ray Wise (Don Hollenbeck), Frank Langella (William Paley), Jeff Daniels (Sigfried "Sig" Mickelson), George Clooney (Fred Friendly), Tate Donovan (Jesse Zousmer), Tom McCarthy (Palmer Williams), Matt Ross (Eddie Scott).
546 _aAudio en Inglés, Español y Catalán. Subtítulos en Inglés, Español Y Catalán.
650 0 4 _aEntretenimiento
_926487
650 0 4 _aPelículas cinematográficas
_zEstados Unidos
_vDVD
_97903
650 0 4 _aPeriodismo por televisión
_vDVD
_921357
650 0 4 _aPeriodismo
_97909
650 0 4 _aPeriodistas en el cine
_vDVD
_921369
650 0 4 _aTelevisión y política
_vDVD
_925205
700 1 _aClooney, George Timothy
_d1961-
_edir.
710 2 _a2929 Entertainment
710 2 _aParticipant Productions
710 2 _aWarner Independent Pictures
765 _tGood night and good luck
856 0 4 _uhttp://www.youtube.com/watch?v=BXHyLGwLxIY
_zSiga este vínculo para ver el trailer.
942 _cMULTIMEDIA
_2LOCAL
_a24
_e1
999 _c63850
_d63850